[Event "EU-ch 12th"]
[Site "Aix les Bains"]
[Date "2011.03.26"]
[Round "5"]
[White "Kondopoulos, Dimitrios"]
[Black "Duveau, Erwan"]
[Result "1/2-1/2"]
[WhiteElo "2060"]
[BlackElo "1767"]
[PlyCount "44"]
[EventDate "2011.03.22"]
[EventType "swiss"]
[EventRounds "11"]
[EventCountry "FRA"]
[SourceTitle "CBM 142 Extra"]
[Source "ChessBase"]
[SourceDate "2011.06.27"]
[SourceVersion "1"]
[SourceVersionDate "2011.06.27"]
[SourceQuality "1"]

1. e4 Nf6 2. e5 Nd5 3. Nc3 Nxc3 4. bxc3 d6 5. f4 Nc6 6. d4 dxe5 7. fxe5 Bf5 8. Rb1 e6 9. Qf3 Qh4+ 10. Qf2 Qe4+ 11. Be3 Nxe5 12. dxe5 Bc5 13. Bb5+ c6 14. Bd3 Qxe3+ 15. Qxe3 Bxe3 16. Rxb7 0-0 17. Ke2 Bf4 18. Nf3 Bg4 19. Be4 Bxe5 20. h3 Bxf3+ 21. gxf3 g6 22. Rd1 a5 1/2-1/2